| 000 | 00629nas a2200181 a 4500 | ||
|---|---|---|---|
| 005 | 20111215164223.0 | ||
| 020 |
_a9788181463975 _c150.00 |
||
| 037 | _bPUB | ||
| 100 |
_aShamim Padamsee _936995 |
||
| 245 |
_aBirdywood buzz: _cby Shamim Padamsee; illustrated by Ashok Rajagopalan _bth vulture returns / |
||
| 260 |
_bTulika Publishers _c2008 _aChennai |
||
| 270 |
_a13, Prithvi Avenue, Abhiramapuram _bChennai _e600018 |
||
| 300 |
_aUnpaged _bill. _c24cm(pbk) |
||
| 700 |
_a Rajagopalan, Ashok _936996 |
||
| 942 |
_2ddc _cCH _mSHA |
||
| 999 |
_c59502 _d59502 |
||